000 00392nam a2200157Ia 4500
008 230721s2002 xx 000 0 und d
020 _a9780766818897
041 _aeng
082 _a611.314,SHO
100 _aSHORT MARJORIE J.
245 _aHEAD NECK & DENTAL ANATOMY
250 _a3RD
260 _b22552THOMSON DELMAR LEARNING NEW
_c2002
300 _a262
650 _aOral Anatomy
999 _c707423
_d707423